Catálogo

Crónica Mixteca, el Rey 8 Venado, Garra de Jaguar, y la dinastía de Teozacualco-Zaachila : (Registro nro. 12191)

Detalles MARC
000 -LEADER
fixed length control field 01487cam a2200337 i 4500
001 - CONTROL NUMBER
control field 12191
003 - CONTROL NUMBER IDENTIFIER
control field Mx-PuUPA
005 - DATE AND TIME OF LATEST TRANSACTION
control field 20200531212840.0
008 - FIXED-LENGTH DATA ELEMENTS--GENERAL INFORMATION
fixed length control field 140415s1992 mx abh r 000 0 spa d
020 ## - INTERNATIONAL STANDARD BOOK NUMBER
International Standard Book Number 9681637119
040 ## - CATALOGING SOURCE
Original cataloging agency MX-PuUPA
Language of cataloging spa
Description conventions rda
Transcribing agency Mx-PuUPA
Modifying agency Mx-PuUPA
041 0# - LANGUAGE CODE
Language code of text/sound track or separate title spa
130 0# - MAIN ENTRY--UNIFORM TITLE
Uniform title Códice Zouche-Nuttall
245 10 - TITLE STATEMENT
Title Crónica Mixteca, el Rey 8 Venado, Garra de Jaguar, y la dinastía de Teozacualco-Zaachila :
Remainder of title libro explicativo del llamado Códice Zouche-Nuttall /
Statement of responsibility, etc. introducción y explicación Ferdinand Anders, Maarten Jansen, Gabina Aurora Pérez Jiménez.
250 ## - EDITION STATEMENT
Edition statement Primera edición
264 #1 - PRODUCTION, PUBLICATION, DISTRIBUTION, MANUFACTURE, AND COPYRIGHT NOTICE
Place of production, publication, distribution, manufacture México, D.F. :
Name of producer, publisher, distributor, manufacturer Fondo de Cultura Económica,
Date of production, publication, distribution, manufacture, or copyright notice 1992
300 ## - PHYSICAL DESCRIPTION
Extent 255 páginas, 3 hojas plegadas sin númeración :
Other physical details ilustraciones, mapas, facsímil (principalemente a color) ;
Dimensions 23 cm. +
Accompanying material 1 Códice facsimilar (1 hoja plegada : ilustraciones (principalmente a color) ; 20 cm.)
336 ## - CONTENT TYPE
Content type term texto
Fuente rdacontent
Content type code txt
337 ## - MEDIA TYPE
Media type term sin medio
Source rdamedia
Media type code n
338 ## - CARRIER TYPE
Carrier type term volumen
Source rdacarrier
Carrier type code nc
490 0# - SERIES STATEMENT
Series statement Códices mexicanos ;
Volume/sequential designation 2
650 #4 - SUBJECT ADDED ENTRY--TOPICAL TERM
Topical term or geographic name entry element Códice Nuttall
650 #4 - SUBJECT ADDED ENTRY--TOPICAL TERM
Topical term or geographic name entry element Indígenas Mixtecos
General subdivision Reyes gobernantes
650 #4 - SUBJECT ADDED ENTRY--TOPICAL TERM
Topical term or geographic name entry element Indígenas Mixtecos
General subdivision Historia
650 #4 - SUBJECT ADDED ENTRY--TOPICAL TERM
Topical term or geographic name entry element Lenguaje Mixteco
General subdivision Escritura
700 1# - ADDED ENTRY--PERSONAL NAME
Personal name Anders, Ferdinand,
Relator term colaborador
700 1# - ADDED ENTRY--PERSONAL NAME
Personal name Jansen, Maarten,
Relator term colaborador
700 1# - ADDED ENTRY--PERSONAL NAME
Personal name Pérez Jiménez, Gabina Aurora,
Relator term colaborador
942 ## - ADDED ENTRY ELEMENTS (KOHA)
Source of classification or shelving scheme Dewey Decimal Classification
Koha item type Libro
Classification part 972.01
Item part C669
Existencias
Withdrawn status Lost status Source of classification or shelving scheme Damaged status Not for loan Collection code Home library Current library Shelving location Date acquired Source of acquisition Total Checkouts Full call number Barcode Date last seen Price effective from Koha item type
    Dewey Decimal Classification   Consulta en sala Especial Biblioteca Karol Wojtyla Biblioteca Karol Wojtyla Sala "Colecciones Especiales" 04/07/2017 Compra   972.01 COD 1992 98073 05/01/2026 04/07/2017 Libro
    Dewey Decimal Classification   Consulta en sala Especial Biblioteca Karol Wojtyla Biblioteca Karol Wojtyla Sala "Colecciones Especiales" 03/12/2013 Compra   972.01 COD 1992 28048 05/01/2026 30/06/2017 Libro